| 000 | 01141nam a2200241 a 4500 | ||
|---|---|---|---|
| 082 |
_a388.049 _bIMP _cD |
||
| 245 | 0 | 0 |
_aImplementing effective travel demand management measures : _binventory of measures and synthesis of experience / _c[Richard Kuzmyak ... et al.] ; prepared by Comsis Corporation ... [et al.] ; prepared for Federal Highway Administration & Federal Transit Administration, U.S. Department of Transportation. |
| 260 |
_aWashington, D.C. : _bU.S. Dept. of Transportation : _bDistributed in cooperation with Technology Sharing Program, _c[1993] |
||
| 300 |
_a1 v. (various pagings) : _bill. ; _c28 cm. |
||
| 500 | _a"DOT-T-94-02." | ||
| 500 | _a"Final report." | ||
| 500 | _a"September 1993." | ||
| 526 |
_a0 _b0 _c0 _d388_049000000000000_IMP |
||
| 650 | 0 |
_aMCE _9379 |
|
| 650 | 0 |
_aTraffic congestion _zUnited States. _920089 |
|
| 650 | 0 |
_aUrban transportation policy _zUnited States. _921475 |
|
| 700 | 1 |
_aKuzmyak, J. Richard. _923199 |
|
| 710 | 1 |
_aUnited States. _921185 |
|
| 710 | 1 |
_aUnited States. _921185 |
|
| 710 | 2 |
_aComsis Corporation. _938461 |
|
| 710 | 2 |
_aTechnology Sharing Program (U.S.) _938462 |
|
| 942 |
_2ddc _cBK |
||
| 999 |
_c543093 _d543093 |
||